Fertiliser statistics 1990-91 (Record no. 38651)
[ view plain ]
| 000 -LEADER | |
|---|---|
| fixed length control field | 00469nam a22001577a 4500 |
| 008 - FIXED-LENGTH DATA ELEMENTS--GENERAL INFORMATION | |
| fixed length control field | 230602b |||||||| |||| 00| 0 eng d |
| 040 ## - CATALOGING SOURCE | |
| Original cataloging agency | National Science Library |
| Transcribing agency | National Science Library |
| 080 ## - UNIVERSAL DECIMAL CLASSIFICATION NUMBER | |
| Universal Decimal Classification number | R 31:631.8 |
| Item number | N1 |
| 245 ## - TITLE STATEMENT | |
| Title | Fertiliser statistics 1990-91 |
| 260 ## - PUBLICATION, DISTRIBUTION, ETC. | |
| Place of publication, distribution, etc. | New Delhi: |
| Name of publisher, distributor, etc. | Fertiliser Association of India, |
| Date of publication, distribution, etc. | 1991 |
| 365 ## - TRADE PRICE | |
| Price amount | 100.00 |
| Currency code | INR |
| 650 ## - SUBJECT ADDED ENTRY--TOPICAL TERM | |
| Topical term or geographic name entry element | Statistics |
| 653 ## - INDEX TERM--UNCONTROLLED | |
| Uncontrolled term | Fertiliser |
| 700 ## - ADDED ENTRY--PERSONAL NAME | |
| Personal name | Sundaram, K P (Ed.) |
| 942 ## - ADDED ENTRY ELEMENTS (KOHA) | |
| Source of classification or shelving scheme | Universal Decimal Classification |
| Koha item type | Reference |
| Withdrawn status | Lost status | Source of classification or shelving scheme | Damaged status | Not for loan | Collection | Home library | Current library | Shelving location | Date acquired | Total Checkouts | Full call number | Barcode | Date last seen | Price effective from | Koha item type |
|---|---|---|---|---|---|---|---|---|---|---|---|---|---|---|---|
| Universal Decimal Classification | Reference | National Science Library | National Science Library | GF/Rk-25/C-7/R-6 | 02/06/1992 | R 31:631.8 N1 | 173036 | 02/06/2023 | 02/06/1992 | Reference |